Văn hóa Việt Nam trong ngôn ngữ Sách chuyên khảo
Trình bày cơ sở lý luận nghiên cứu văn hoá trong ngôn ngữ; phương pháp nghiên cứu văn hoá trong ngôn ngữ; một số đặc điểm không gian văn hoá Việt Nam thể hiện trong ngôn ngữ; đặc điểm giao lưu tiếp biến văn hóa, điểm chủ thể văn hóa ơ...
Saved in:
| Main Author: | |
|---|---|
| Format: | Book |
| Language: | Undetermined |
| Published: |
H.
Tri thức
2019
|
| Subjects: | |
| Online Access: | http://lrc.tdmu.edu.vn/opac/search/detail.asp?aID=2&ID=37949 |
| Tags: |
Add Tag
No Tags, Be the first to tag this record!
|
| Institutions: | Trung tâm Học liệu Trường Đại học Thủ Dầu Một |
|---|
| LEADER | 01086nam a2200217Ia 4500 | ||
|---|---|---|---|
| 001 | TDMU_37949 | ||
| 008 | 210410s9999 xx 000 0 und d | ||
| 082 | |a 959.7029 | ||
| 090 | |b L600 | ||
| 100 | |a Lý, Tùng Hiếu | ||
| 245 | 0 | |a Văn hóa Việt Nam trong ngôn ngữ | |
| 245 | 0 | |b Sách chuyên khảo | |
| 245 | 0 | |c Lý Tùng Hiếu | |
| 260 | |a H. | ||
| 260 | |b Tri thức | ||
| 260 | |c 2019 | ||
| 300 | |a 559tr. | ||
| 520 | |a Trình bày cơ sở lý luận nghiên cứu văn hoá trong ngôn ngữ; phương pháp nghiên cứu văn hoá trong ngôn ngữ; một số đặc điểm không gian văn hoá Việt Nam thể hiện trong ngôn ngữ; đặc điểm giao lưu tiếp biến văn hóa, điểm chủ thể văn hóa ở Việt Nam thể hiện trong ngôn ngữ... | ||
| 650 | |a Văn hóa |x Ngôn ngữ |z Việt Nam | ||
| 856 | |u http://lrc.tdmu.edu.vn/opac/search/detail.asp?aID=2&ID=37949 | ||
| 980 | |a Trung tâm Học liệu Trường Đại học Thủ Dầu Một | ||